000 00230 a2200097 4500
001 48501
100 _aBernardo, J.V
245 _aNation and space in the modern world
260 _aNew York
_bE.P dutton
_c
090 _c31437
_d31437
942 _aNUST-CAE
_cM
_c23822
999 _c283574
_d283574